000 00485nam a2200181Ia 4500
008 090124s9999 xx 000 0 und d
082 _b113281
100 _aदास मनोज
245 _a सुरस कहाण्या
250 _a1
260 _c1970
300 _a64
600 _aदास मनोज
630 _a सुरस कहाण्या
700 _aदास मनोज
730 _a सुरस कहाण्या
942 _cBOOK
999 _c159372
_d159372